000 00179nam a2200073Ia 4500
008 170620s9999 xx 000 0 und d
100 _aGUPTA
245 0 _aEDUCATION IN THE 21 ST CENTURY LOOKING
260 _bSHIPRA
999 _c26812
_d26812